000 00399nam a22001697a 4500
003 MPLRDC
005 20220104124800.0
008 210129b ||||| |||| 00| 0 eng d
020 _a962-257-711-3
082 _a907 HMT-3
100 _a黄蒙田
245 _a敦煌夜话
_c
260 _a
_b天地图书有限公司
_c1994
300 _b
650 _a艺术杂论
942 _cBK
_o907 HMT-3
999 _c22112
_d22102